000 01374nam a22003137a 4500
005 20121217122038.0
008 121211t xxu||||| |||| 00| 0 hin d
010 _aHIN-97729
020 _c200.00
_a8188214875
035 _aHN-70075
037 _bDBAD / PUB
040 _aDPL
_bHN
082 _a230.1
100 _927482
245 _aभारतीय दर्शन में मानवतावादी अवधारणा /
_cदेव कुमार यादव आदि....द्वारा संपादित
260 _bराका प्रकाशन
_c2009
_aइलाहाबाद
270 _a40ए, मतीलाल नेहरू रोड
_bइलाहाबाद
300 1 _a164पृ.
_c22सेमी (सजिल्द)
650 _91170
650 _91169
700 _927483
_aयादव, देव कुमार
700 _954344
_aत्रिपाठी, विवेक कुमार
700 _aश्वेता
_954355
700 _aमिश्र, देवेन्द्र कुमार
_954356
710 _952094
711 _952444
942 _adpl
_cHN
_2ddc
_mभारती
_h230.1
999 _c72200
_d72200